{"text_format":"2","workbook":"xlsx","n_sheets":7,"sheets":["Orçamento Sintético","CPU's","Cronograma","Encargos Sociais","BDI","Cotação - ANP","Memória de Cálculo"],"not_rendered":{"charts":0,"images":4,"macros":0,"external_links":1,"defined_names":5,"comments":0,"pivot_tables":0},"unopened":[],"bounds":{"document_bytes":16777216,"sheet_cells":100000,"run_cost":"one","rows_first":2000,"rows_last":500,"rows_between":2000,"halvings":0,"cell_chars":16384,"cell_head_chars":4096},"cells_cut":0,"cells_raw":0,"read":"whole","date_system":"1900"}

{"sheet":"Orçamento Sintético","index":0,"n_rows":18,"n_cols":10,"rows_kept":18,"cut":false,"hidden":false,"merged":[[16,7,16,9],[19,0,19,9],[2,0,2,9],[0,4,0,5],[0,6,0,7],[0,8,0,9],[1,4,1,5],[1,6,1,7],[1,8,1,9],[17,0,17,2],[17,5,17,6],[17,7,17,9],[15,0,15,2],[15,5,15,6],[15,7,15,9],[16,0,16,2],[16,5,16,6]]}
[null,null,null,"SERVIÇOS:","Bancos",null,"B.D.I.",null,"Encargos Sociais"]
[null,null,null,"CONTRATAÇÃO DE SERVIÇOS COMUM DE ENGENHARIA DE IMPLANTAÇÃO DE SINALIZAÇÃO VIÁRIA E DISPOSITIVOS DE DRENAGEM SUPERFICIAL EM ESTRADA PAVIMENTADA, LOCALIZADA NO MUNICÍPIO DE MOSSORÓ, NO ESTADO DO RIO GRANDE DO NORTE","SINAPI - 03/2023 - Rio Grande do Norte\n\nSICRO3 - 01/2023 - Rio Grande do Norte\nORSE - 01/2023 - Sergipe\n",null,"23,0% - Serviços; 15% - materiais asfálticos",null,"Onerado: embutido nos preços unitário dos insumos de mão de obra, de acordo com as bases."]
["Orçamento Sintético"]
["Item","Código","Banco","Descrição","Und","Quant.","Valor Unit","Valor Unit com BDI","Total","Peso (%)"]
[" 1 ",null,null,"SERVIÇOS ",{"$nulls":4},334636.96999999997,1]
[" 1.1 "," 51 ","ORSE","Placa de obra em chapa aço galvanizado, instalada - Rev 02_01/2022","m²",8,382.86,470.91,3767.28,1.1257811711598991E-2]
[" 1.2 "," 2003391 ","SICRO3","Descida d’água de aterros tipo rápido - DAR 02 - areia e brita comerciais, incluso transporte","m",655.95,152.78,187.91,123259.56,0.36833814267443316]
[" 1.3 "," 2003449 ","SICRO3","Dissipador de energia - DEB 01 - areia, brita e pedra de mão comerciais","un",208,438.51,539.36,112186.88,0.33524950934142156]
[" 1.4 "," ANP - 01 ","Próprio","Aquisição de Cimento asfáltico de petróleo - CAP 50/70, incluso ICMS%","t",0.2,3921.83,4510.1000000000004,902.02,2.6955180714193054E-3]
[" 1.5 "," 102330 ","SINAPI","TRANSPORTE COM CAMINHÃO TANQUE DE TRANSPORTE DE MATERIAL ASFÁLTICO DE 30000 L, EM VIA URBANA PAVIMENTADA, DMT ATÉ 30KM (UNIDADE: TXKM). AF_07/2020","TXKM",7.6,1.39,1.59,12.08,3.6098820760898E-5]
[" 1.6 "," 5213400 ","SICRO3","Pintura de faixa com tinta acrílica - espessura de 0,4 mm","m²",2363.06,30.2,37.14,87764.04,0.26226641963677833]
[" 1.7 "," 5213440 ","SICRO3","Placa de regulamentação em aço D = 0,60 m - película retrorrefletiva tipo I + SI - fornecimento e implantação","un",6,254.52,313.05,1878.3,5.6129482645028731E-3]
[" 1.8 "," 5213863 ","SICRO3","Suporte metálico galvanizado para placa de advertência ou regulamentação - lado ou diâmetro de 0,60 m - fornecimento eimplantação","un",6,443.06,544.96,3269.76,9.7710662393339261E-3]
[" 1.9 "," 1107892 ","SICRO3","Concreto fck = 20 MPa - confecção em betoneira e lançamento manual - areia e brita comerciais","m³",3,432.81,532.35,1597.05,4.7724852397510054E-3]
[]
[{"$nulls":5},"Total sem BDI",null,272132.24]
[{"$nulls":5},"Total do BDI",null,62504.73]
[{"$nulls":5},"Total Geral",null,334636.96999999997]

{"sheet":"CPU's","index":1,"n_rows":206,"n_cols":10,"rows_kept":206,"cut":false,"hidden":false,"merged":[[30,6,30,8],[31,6,31,8],[32,6,32,8],[33,0,33,4],[33,5,33,8],[35,7,35,8],[38,4,38,5],[22,0,22,4],[22,5,22,8],[23,0,23,4],[23,5,23,8],[24,6,24,8],[25,6,25,8],[26,0,26,4],[26,5,26,8],[27,6,27,8],[54,7,54,8],[55,7,55,8],[56,0,56,4],[56,5,56,8],[58,7,58,8],[44,0,44,4],[44,5,44,8],[45,6,45,8],[46,6,46,8],[47,0,47,4],[47,5,47,8],[48,6,48,8],[49,6,49,8],[50,6,50,8],[53,0,53,4],[53,5,53,8],[77,1,78,1],[77,2,78,2],[77,3,78,3],[77,4,78,4],[77,5,77,6],[77,7,77,8],[77,9,78,9],[61,4,61,5],[62,4,62,5],[64,7,64,8],[67,4,67,5],[68,4,68,5],[69,4,69,5],[70,4,70,5],[72,7,72,8],[75,4,75,5],[103,7,103,8],[104,7,104,8],[105,0,105,4],[105,5,105,8],[91,6,91,8],[92,6,92,8],[93,6,93,8],[94,6,94,8],[95,6,95,8],[96,0,96,4],[96,5,96,8],[97,6,97,8],[98,6,98,8],[99,0,99,4],[99,5,99,8],[100,7,100,8],[101,7,101,8],[102,7,102,8],[107,7,107,8],[110,4,110,5],[111,4,111,5],[112,0,113,0],[112,1,113,1],[112,2,113,2],[112,3,113,3],[112,4,113,4],[112,5,112,6],[112,7,112,8],[112,9,113,9],[115,0,115,4],[115,5,115,8],[116,0,116,4],[116,5,116,8],[117,0,117,4],[117,5,117,8],[118,0,118,4],[118,5,118,8],[127,7,127,8],[130,4,130,5],[131,4,131,5],[132,0,133,0],[132,1,133,1],[132,2,133,2],[132,3,133,3],[132,4,133,4],[132,5,132,6],[132,7,132,8],[150,0,150,4],[132,9,133,9],[135,0,135,4],[135,5,135,8],[136,0,136,4],[136,5,136,8],[137,0,137,4],[137,5,137,8],[138,0,138,4],[138,5,138,8],[139,0,139,4],[139,5,139,8],[140,0,140,4],[140,5,140,8],[141,6,141,8],[142,6,142,8],[143,6,143,8],[144,0,144,4],[144,5,144,8],[161,9,162,9],[167,0,167,4],[167,5,167,8],[168,0,168,4],[168,5,168,8],[169,0,169,4],[169,5,169,8],[170,0,170,4],[170,5,170,8],[161,0,162,0],[161,1,162,1],[161,2,162,2],[161,3,162,3],[161,4,162,4],[161,5,161,6],[161,7,161,8],[186,7,186,8],[187,7,187,8],[188,7,188,8],[189,7,189,8],[190,0,190,4],[190,5,190,8],[192,7,192,8],[178,6,178,8],[179,0,179,4],[179,5,179,8],[180,6,180,8],[181,6,181,8],[182,6,182,8],[183,0,183,4],[183,5,183,8],[184,7,184,8],[185,7,185,8],[209,0,209,2],[209,5,209,6],[209,7,209,9],[210,0,210,2],[210,5,210,6],[210,7,210,9],[211,0,211,2],[211,5,211,6],[211,7,211,9],[195,6,195,8],[196,0,196,4],[196,5,196,8],[200,7,200,8],[201,7,201,8],[202,7,202,8],[203,0,203,4],[203,5,203,8],[205,7,205,8],[173,6,173,8],[174,6,174,8],[175,6,175,8],[176,6,176,8],[177,6,177,8],[145,6,145,8],[146,6,146,8],[147,6,147,8],[148,6,148,8],[149,6,149,8],[150,5,150,8],[153,7,153,8],[152,7,152,8],[119,0,119,4],[119,5,119,8],[120,0,120,4],[120,5,120,8],[121,6,121,8],[122,6,122,8],[123,6,123,8],[124,6,124,8],[125,0,125,4],[125,5,125,8],[86,0,86,4],[86,5,86,8],[87,0,87,4],[87,5,87,8],[88,0,88,4],[88,5,88,8],[89,0,89,4],[89,5,89,8],[90,6,90,8],[85,0,85,4],[85,5,85,8],[14,7,14,8],[17,4,17,5],[18,4,18,5],[19,0,19,4],[19,5,19,8],[20,0,20,4],[20,5,20,8],[21,0,21,4],[21,5,21,8],[28,6,28,8],[29,6,29,8],[39,4,39,5],[40,0,40,4],[40,5,40,8],[41,0,41,4],[41,5,41,8],[42,0,42,4],[42,5,42,8],[43,0,43,4],[43,5,43,8],[51,6,51,8],[52,6,52,8],[12,4,12,5],[0,2,0,3],[0,4,0,5],[0,6,0,7],[0,8,0,9],[1,2,1,3],[1,4,1,5],[1,6,1,7],[1,8,1,9],[4,5,4,6],[5,4,5,5],[6,4,6,5],[7,4,7,5],[8,4,8,5],[9,4,9,5],[10,4,10,5],[11,4,11,5],[3,0,3,9],[194,6,194,8],[197,7,197,8],[198,7,198,8],[199,7,199,8],[2,0,2,9],[154,0,154,4],[154,5,154,8],[156,7,156,8],[151,7,151,8],[159,4,159,5],[160,4,160,5],[171,0,171,4],[171,5,171,8],[172,0,172,4],[172,5,172,8],[80,0,80,4],[80,5,80,8],[81,5,81,8],[83,0,83,4],[83,5,83,8],[84,0,84,4],[84,5,84,8],[76,4,76,5],[77,0,78,0]]}
[null,null,{"$f":"'Orçamento Sintético'!D1","v":"SERVIÇOS:"},null,"Bancos",null,"B.D.I.",null,"Encargos Sociais"]
[null,null,{"$f":"'Orçamento Sintético'!D2","v":"CONTRATAÇÃO DE SERVIÇOS COMUM DE ENGENHARIA DE IMPLANTAÇÃO DE SINALIZAÇÃO VIÁRIA E DISPOSITIVOS DE DRENAGEM SUPERFICIAL EM ESTRADA PAVIMENTADA, LOCALIZADA NO MUNICÍPIO DE MOSSORÓ, NO ESTADO DO RIO GRANDE DO NORTE"},null,"SINAPI - 03/2023 - Rio Grande do Norte\n\nSICRO3 - 01/2023 - Rio Grande do Norte\nORSE - 01/2023 - Sergipe",null,"23,0% - Serviços; 15% - materiais asfálticos",null,{"$f":"'[1]Orçamento Sintético'!I2","v":"Onerado: embutido nos preços unitário dos insumos de mão de obra, de acordo com as bases."}]
[]
["Planilha Orçamentária Analítica"]
[" 1 ",null,null,"SERVIÇOS",{"$nulls":5},334636.96999999997]
[" 1.1 ","Código","Banco","Descrição","Tipo",null,"Und","Quant.","Valor Unit","Total"]
["Composição"," 51 ","ORSE","Placa de obra em chapa aço galvanizado, instalada - Rev 02_01/2022","Mobilização / Instalações Provisórias / Desmobilização",null,"m²",1,382.86,382.86]
["Composição Auxiliar"," 88316 ","SINAPI","SERVENTE COM ENCARGOS COMPLEMENTARES","SEDI - SERVIÇOS DIVERSOS",null,"H",2,19.510000000000002,39.020000000000003]
["Composição Auxiliar"," 88262 ","SINAPI","CARPINTEIRO DE FORMAS COM ENCARGOS COMPLEMENTARES","SEDI - SERVIÇOS DIVERSOS",null,"H",1,22.44,22.44]
["Insumo"," 1569 ","ORSE","Madeira mista serrada (barrote) 6 x 6cm - 0,0036 m3/m (angelim, louro) m",0,null,"m",4,9.89,39.56]
["Insumo"," 6995 ","ORSE","Madeira mista serrada (sarrafo) 2,2 x 5,5cm - 0,00121 m³/m m",0,null,"m",1,3.49,3.49]
["Insumo"," 00004813 ","SINAPI","PLACA DE OBRA (PARA CONSTRUCAO CIVIL) EM CHAPA GALVANIZADA *N. 22*, ADESIVADA, DE *2,4 X 1,2* M (SEM POSTES PARA FIXACAO)","Material",null,"m²",1,275,275]
["Insumo"," 00005075 ","SINAPI","PREGO DE ACO POLIDO COM CABECA 18 X 30 (2 3/4 X 10)","Material",null,"KG",0.15,22.38,3.35]
[]
[{"$nulls":4},"Valor do BDI =>",88.05,null,"Valor com BDI =>",null,470.91]
[]
[]
[" 1.2 ","Código","Banco","Descrição","Tipo",null,"Und","Quant.","Valor Unit","Total"]
["Composição"," 2003391 ","SICRO3","Descida d’água de aterros tipo rápido - DAR 02 - areia e brita comerciais, incluso transporte","",null,"m",1,152.78,152.78]
[{"$nulls":5},"Custo Horário de Execução =>",null,null,null,0]
[{"$nulls":5},"Fator de Influencia da Chuva - FIC =>",null,null,null,0]
[{"$nulls":5},"Custo do FIC =>",null,null,null,0]
[{"$nulls":5},"Produção de Equipe =>",null,null,null,1]
[{"$nulls":5},"Custo Unitário de Execução =>",null,null,null,0]
["C","Banco","Código","Material","Quantidade","Unidade","Preço Unitário",null,null,"Custo Horário"]
["Insumo","SICRO3","M1943","Cimento asfáltico de petróleo - CAP 50/70",3.3E-4,"t",0,null,null,0]
[{"$nulls":5},"Custo Total do Material =>",null,null,null,0]
["D","Banco","Código","Atividades Auxiliares","Quantidade","Unidade","Preço Unitário",null,null,"Custo Horário"]
["Atividade Auxiliar","SICRO3",1107892,"Concreto fck = 20 MPa - confecção em betoneira e lançamento manual - areia e brita comerciais",0.13700000000000001,"m³",432.81,null,null,59.295000000000002]
["Atividade Auxiliar","SICRO3",3103302,"Fôrmas de tábuas de pinho para dispositivos de drenagem - utilização de 3 vezes - confecção, instalação e retirada",1.1000000000000001,"m²",73.48,null,null,80.828000000000003]
["Atividade Auxiliar","SICRO3",4805750,"Escavação manual em material de 1ª categoria na profundidade de até 1 m",0.2,"m³",39.020000000000003,null,null,7.8040000000000003]
["Atividade Auxiliar","SICRO3",4805755,"Apiloamento manual",0.15,"m³",29.26,null,null,4.3890000000000002]
["Atividade Auxiliar","SINAPI",88316,"SERVENTE COM ENCARGOS COMPLEMENTARES",2.4E-2,"H",19.510000000000002,null,null,0.46820000000000001]
[{"$nulls":5},"Custo Total das Atividades =>",null,null,null,152.7842]
[]
[{"$nulls":4},"Valor do BDI =>",35.130000000000003,null,"Valor com BDI =>",null,187.91]
[]
[]
[" 1.3 ","Código","Banco","Descrição","Tipo",null,"Und","Quant.","Valor Unit","Total"]
["Composição"," 2003449 ","SICRO3","Dissipador de energia - DEB 01 - areia, brita e pedra de mão comerciais","",null,"un",1,438.51,438.51]
[{"$nulls":5},"Custo Horário de Execução =>",null,null,null,0]
[{"$nulls":5},"Fator de Influencia da Chuva - FIC =>",null,null,null,0]
[{"$nulls":5},"Custo do FIC =>",null,null,null,0]
[{"$nulls":5},"Produção de Equipe =>",null,null,null,1]
[{"$nulls":5},"Custo Unitário de Execução =>",null,null,null,0]
["C","Banco","Código","Material","Quantidade","Unidade","Preço Unitário",null,null,"Custo Horário"]
["Insumo","SICRO3","M1097","Pedra de mão ou rachão",0.21,"m³",121.0962,null,null,25.430199999999999]
[{"$nulls":5},"Custo Total do Material =>",null,null,null,25.430199999999999]
["D","Banco","Código","Atividades Auxiliares","Quantidade","Unidade","Preço Unitário",null,null,"Custo Horário"]
["Atividade Auxiliar","SICRO3",1107892,"Concreto fck = 20 MPa - confecção em betoneira e lançamento manual - areia e brita comerciais",0.42,"m³",432.81,null,null,181.78020000000001]
["Atividade Auxiliar","SICRO3",3103302,"Fôrmas de tábuas de pinho para dispositivos de drenagem - utilização de 3 vezes - confecção, instalação e retirada",2.71,"m²",73.48,null,null,199.13079999999999]
["Atividade Auxiliar","SICRO3",4805750,"Escavação manual em material de 1ª categoria na profundidade de até 1 m",0.67,"m³",39.020000000000003,null,null,26.1434]
["Atividade Auxiliar","SINAPI",88316,"SERVENTE COM ENCARGOS COMPLEMENTARES",0.28000000000000003,"H",19.510000000000002,null,null,5.4627999999999997]
[{"$nulls":5},"Custo Total das Atividades =>",null,null,null,412.5172]
["E","Banco","Insumo","Tempos Fixos","Código","Quantidade","Unidade","Preço Unitário",null,"Custo Horário"]
["Tempo Fixo","SICRO3","M1097","Carga, manobra e descarga de agregados ou solos em caminhão basculante de 10 m³ - carga com carregadeira de 3,40 m³(exclusa) e descarga livre",5914647,0.315,"t",1.8,null,0.56699999999999995]
[{"$nulls":5},"Custo Total dos Tempos Fixos =>",null,null,null,0.56699999999999995]
[]
[{"$nulls":4},"Valor do BDI =>",100.85,null,"Valor com BDI =>",null,539.36]
[]
[]
[null,"Código","Banco","Descrição","Tipo",null,"Und","Quant.","Valor Unit","Total"]
["Insumo"," ANP - 01 ","Próprio","Aquisição de Cimento asfáltico de petróleo - CAP 50/70, incluso ICMS%","Material",null,"t",1,3921.83,3921.83]
[{"$nulls":4},"MO sem LS =>",0,"LS =>",0,"MO com LS =>",0]
[{"$nulls":4},"Valor do BDI =>",588.27,null,"Valor com BDI =>",null,4510.1000000000004]
[{"$nulls":6},"Quant. =>",0.2,"Preço Total =>",902.02]
[]
[" 1.5 ","Código","Banco","Descrição","Tipo",null,"Und","Quant.","Valor Unit","Total"]
["Composição"," 102330 ","SINAPI","TRANSPORTE COM CAMINHÃO TANQUE DE TRANSPORTE DE MATERIAL ASFÁLTICO DE 30000 L, EM VIA URBANA PAVIMENTADA, DMT ATÉ 30KM (UNIDADE: TXKM). AF_07/2020","TRAN - TRANSPORTES, CARGAS E DESCARGAS",null,"TXKM",1,1.39,1.39]
["Composição Auxiliar"," 91645 ","SINAPI","CAMINHÃO DE TRANSPORTE DE MATERIAL ASFÁLTICO 30.000 L, COM CAVALO MECÂNICO DE CAPACIDADE MÁXIMA DE TRAÇÃO COMBINADO DE 66.000 KG, POTÊNCIA 360 CV, INCLUSIVE TANQUE DE ASFALTO COM SERPENTINA - CHP DIURNO. AF_08/2015","CHOR - CUSTOS HORÁRIOS DE MÁQUINAS E EQUIPAMENTOS",null,"CHP",2.8E-3,466.38,1.3]
["Composição Auxiliar"," 91646 ","SINAPI","CAMINHÃO DE TRANSPORTE DE MATERIAL ASFÁLTICO 30.000 L, COM CAVALO MECÂNICO DE CAPACIDADE MÁXIMA DE TRAÇÃO COMBINADO DE 66.000 KG, POTÊNCIA 360 CV, INCLUSIVE TANQUE DE ASFALTO COM SERPENTINA - CHI DIURNO. AF_08/2015","CHOR - CUSTOS HORÁRIOS DE MÁQUINAS E EQUIPAMENTOS",null,"CHI",1.1999999999999999E-3,81.430000000000007,0.09]
[]
[{"$nulls":4},"Valor do BDI =>",0.2,null,"Valor com BDI =>",null,1.59]
[]
[]
[" 1.6 ","Código","Banco","Descrição","Tipo",null,"Und","Quant.","Valor Unit","Total"]
["Composição"," 5213400 ","SICRO3","Pintura de faixa com tinta acrílica - espessura de 0,4 mm","ASTU",null,"m²",1,30.2,30.2]
["A","Código","Banco","Equipamentos","Quantidade","Utilização",null,"Custo Operacional",null,"Custo Horário"]
[{"$nulls":5},"Operativa","Improdutiva","Operativa","Improdutiva"]
["Insumo","E9644","SICRO3","Caminhão demarcador de faixas com sistema de pintura a frio - 28 kW/115 kW",1,1,0,392.03899999999999,151.28809999999999,392.03899999999999]
[{"$nulls":5},"Custo Horário de Equipamentos =>",null,null,null,392.03899999999999]
["B","Código","Banco","Mão de Obra","Quantidade","Salário Hora",null,null,null,"Custo Horário"]
["Insumo","P9853","SICRO3","Pré-marcador",1,null,null,null,19.904199999999999,19.904199999999999]
[{"$nulls":5},"Custo Horário da Mão de Obra =>",null,null,null,19.904199999999999]
[{"$nulls":5},"Adc.M.O. - Ferramentas (0,0%) =>",null,null,null,0]
[{"$nulls":5},"Custo Horário de Execução =>",null,null,null,411.94319999999999]
[{"$nulls":5},"Fator de Influencia da Chuva - FIC =>",null,null,null,0]
[{"$nulls":5},"Custo do FIC =>",null,null,null,0]
[{"$nulls":5},"Produção de Equipe =>",null,null,null,177.07]
[{"$nulls":5},"Custo Unitário de Execução =>",null,null,null,2.3264]
["C","Banco","Código","Material","Quantidade","Unidade","Preço Unitário",null,null,"Custo Horário"]
["Insumo","SICRO3","M2037","Microesferas refletivas de vidro tipo I-B",0.08,"kg",10.7712,null,null,0.86170000000000002]
["Insumo","SICRO3","M2038","Microesferas refletivas de vidro tipo II-A",0.35,"kg",11.8156,null,null,4.1355000000000004]
["Insumo","SICRO3","M2034","Solvente para tinta à base de resina acrílica",0.02,"l",15.196099999999999,null,null,0.3039]
["Insumo","SICRO3","M2044","Tinta à base de resina acrílica emulsionada em água para pré-marcação viária",9.7000000000000005E-4,"l",23.1432,null,null,2.24E-2]
["Insumo","SICRO3","M2027","Tinta à base de resina acrílica estirenada para demarcação viária",0.4,"l",55.189399999999999,null,null,22.075800000000001]
[{"$nulls":5},"Custo Total do Material =>",null,null,null,27.3993]
["D","Banco","Código","Atividades Auxiliares","Quantidade","Unidade","Preço Unitário",null,null,"Custo Horário"]
["Atividade Auxiliar","SINAPI",88316,"SERVENTE COM ENCARGOS COMPLEMENTARES",2.25899E-2,"H",19.510000000000002,null,null,0.44069999999999998]
[{"$nulls":5},"Custo Total das Atividades =>",null,null,null,0.44069999999999998]
["E","Banco","Insumo","Tempos Fixos","Código","Quantidade","Unidade","Preço Unitário",null,"Custo Horário"]
["Tempo Fixo","SICRO3","M2037","Carga, manobra e descarga de materiais diversos em caminhão carroceria de 15 t - carga e descarga manuais",5914655,8.0000000000000007E-5,"t",34.200000000000003,null,2.7000000000000001E-3]
["Tempo Fixo","SICRO3","M2038","Carga, manobra e descarga de materiais diversos em caminhão carroceria de 15 t - carga e descarga manuais",5914655,3.5E-4,"t",34.200000000000003,null,1.2E-2]
["Tempo Fixo","SICRO3","M2034","Carga, manobra e descarga de materiais diversos em caminhão carroceria de 15 t - carga e descarga manuais",5914655,2.0000000000000002E-5,"t",34.200000000000003,null,6.9999999999999999E-4]
["Tempo Fixo","SICRO3","M2027","Carga, manobra e descarga de materiais diversos em caminhão carroceria de 15 t - carga e descarga manuais",5914655,5.5000000000000003E-4,"t",34.200000000000003,null,1.8800000000000001E-2]
[{"$nulls":5},"Custo Total dos Tempos Fixos =>",null,null,null,3.4200000000000001E-2]
[]
[{"$nulls":4},"Valor do BDI =>",6.94,null,"Valor com BDI =>",null,37.14]
[]
[]
[" 1.7 ","Código","Banco","Descrição","Tipo",null,"Und","Quant.","Valor Unit","Total"]
["Composição"," 5213440 ","SICRO3","Placa de regulamentação em aço D = 0,60 m - película retrorrefletiva tipo I + SI - fornecimento e implantação","",null,"un",1,254.52,254.52]
["A","Código","Banco","Equipamentos","Quantidade","Utilização",null,"Custo Operacional",null,"Custo Horário"]
[{"$nulls":5},"Operativa","Improdutiva","Operativa","Improdutiva"]
["Insumo","E9687","SICRO3","Caminhão carroceria com capacidade de 5 t - 115 kW",1,0.3,0.7,156.3021,57.431100000000001,87.092399999999998]
[{"$nulls":5},"Custo Horário de Equipamentos =>",null,null,null,87.092399999999998]
[{"$nulls":5},"Custo Horário de Execução =>",null,null,null,87.092399999999998]
[{"$nulls":5},"Fator de Influencia da Chuva - FIC =>",null,null,null,0]
[{"$nulls":5},"Custo do FIC =>",null,null,null,0]
[{"$nulls":5},"Produção de Equipe =>",null,null,null,3]
[{"$nulls":5},"Custo Unitário de Execução =>",null,null,null,29.030799999999999]
["D","Banco","Código","Atividades Auxiliares","Quantidade","Unidade","Preço Unitário",null,null,"Custo Horário"]
["Atividade Auxiliar","SICRO3",5213414,"Placa em aço nº 16 galvanizado com película retrorrefletiva tipo I + SI - confecção",0.35993999999999998,"m²",561.66,null,null,202.16390000000001]
["Atividade Auxiliar","SINAPI",88316,"SERVENTE COM ENCARGOS COMPLEMENTARES",0.66666669999999995,"H",19.510000000000002,null,null,13.0067]
["Atividade Auxiliar","SINAPI",88279,"MONTADOR ELETROMECÃNICO COM ENCARGOS COMPLEMENTARES",0.3333333,"H",30.97,null,null,10.3233]
[{"$nulls":5},"Custo Total das Atividades =>",null,null,null,225.4939]
[{"$nulls":4},"MO sem LS =>",26.594936799999999,"LS =>",0,"MO com LS =>",26.594936885111903]
[{"$nulls":4},"Valor do BDI =>",58.53,null,"Valor com BDI =>",null,313.05]
[{"$nulls":6},"Quant. =>",6,"Preço Total =>",1878.3]
[]
[" 1.8 ","Código","Banco","Descrição","Tipo",null,"Und","Quant.","Valor Unit","Total"]
["Composição"," 5213863 ","SICRO3","Suporte metálico galvanizado para placa de advertência ou regulamentação - lado ou diâmetro de 0,60 m - fornecimento eimplantação","",null,"un",1,443.06,443.06]
["A","Código","Banco","Equipamentos","Quantidade","Utilização",null,"Custo Operacional",null,"Custo Horário"]
[{"$nulls":5},"Operativa","Improdutiva","Operativa","Improdutiva"]
["Insumo","E9687","SICRO3","Caminhão carroceria com capacidade de 5 t - 115 kW",1,0.3,0.7,156.3021,57.431100000000001,87.092399999999998]
[{"$nulls":5},"Custo Horário de Equipamentos =>",null,null,null,87.092399999999998]
[{"$nulls":5},"Custo Horário de Execução =>",null,null,null,87.092399999999998]
[{"$nulls":5},"Fator de Influencia da Chuva - FIC =>",null,null,null,0]
[{"$nulls":5},"Custo do FIC =>",null,null,null,0]
[{"$nulls":5},"Produção de Equipe =>",null,null,null,4.0999999999999996]
[{"$nulls":5},"Custo Unitário de Execução =>",null,null,null,21.242000000000001]
["C","Banco","Código","Material","Quantidade","Unidade","Preço Unitário",null,null,"Custo Horário"]
["Insumo","SICRO3","M0789","Conjunto para fixação de placas em aço galvanizado composto por barra chata, abraçadeira, parafusos,",0.69699999999999995,"kg",25.281700000000001,null,null,17.621300000000002]
["Insumo","SICRO3","M0787","Suporte em aço-carbono galvanizado tipo perfil C para placa de sinalização",12.717000000000001,"kg",28.9132,null,null,367.68920000000003]
[{"$nulls":5},"Custo Total do Material =>",null,null,null,385.31049999999999]
["D","Banco","Código","Atividades Auxiliares","Quantidade","Unidade","Preço Unitário",null,null,"Custo Horário"]
["Atividade Auxiliar","SICRO3",1107892,"Concreto fck = 20 MPa - confecção em betoneira e lançamento manual - areia e brita comerciais",5.0299999999999997E-2,"m³",432.81,null,null,21.770299999999999]
["Atividade Auxiliar","SICRO3",4805750,"Escavação manual em material de 1ª categoria na profundidade de até 1 m",5.0299999999999997E-2,"m³",39.020000000000003,null,null,1.9626999999999999]
["Atividade Auxiliar","SINAPI",88316,"SERVENTE COM ENCARGOS COMPLEMENTARES",0.24390239999999999,"H",19.510000000000002,null,null,4.7584999999999997]
["Atividade Auxiliar","SINAPI",88279,"MONTADOR ELETROMECÃNICO COM ENCARGOS COMPLEMENTARES",0.24390239999999999,"H",30.97,null,null,7.5537000000000001]
[{"$nulls":5},"Custo Total das Atividades =>",null,null,null,36.045200000000001]
["E","Banco","Insumo","Tempos Fixos","Código","Quantidade","Unidade","Preço Unitário",null,"Custo Horário"]
["Tempo Fixo","SICRO3","M0789","Carga, manobra e descarga de materiais diversos em caminhão carroceria de 15 t - carga e descarga manuais",5914655,6.9999999999999999E-4,"t",34.200000000000003,null,2.3900000000000001E-2]
["Tempo Fixo","SICRO3","M0787","Carga, manobra e descarga de materiais diversos em caminhão carroceria de 15 t - carga e descarga manuais",5914655,1.272E-2,"t",34.200000000000003,null,0.435]
[{"$nulls":5},"Custo Total dos Tempos Fixos =>",null,null,null,0.45889999999999997]
[]
[{"$nulls":4},"Valor do BDI =>",101.9,null,"Valor com BDI =>",null,544.96]
[]
[]
[" 1.9 ","Código","Banco","Descrição","Tipo",null,"Und","Quant.","Valor Unit","Total"]
["Composição"," 1107892 ","SICRO3","Concreto fck = 20 MPa - confecção em betoneira e lançamento manual - areia e brita comerciais","",null,"m³",1,432.81,432.81]
["A","Código","Banco","Equipamentos","Quantidade","Utilização",null,"Custo Operacional",null,"Custo Horário"]
[{"$nulls":5},"Operativa","Improdutiva","Operativa","Improdutiva"]
["Insumo","E9010","SICRO3","Balança plataforma digital com mesa de 75 x 75 cm com capacidade de 500 kg",1,1,0,1.0338000000000001,0.69450000000000001,1.0338000000000001]
["Insumo","E9519","SICRO3","Betoneira com motor a gasolina com capacidade de 600 l - 10 kW",1,1,0,46.536700000000003,27.796800000000001,46.536700000000003]
["Insumo","E9071","SICRO3","Transportador manual carrinho de mão com capacidade de 80 l",4,0.9,0.1,0.81189999999999996,0.55200000000000005,3.1436000000000002]
["Insumo","E9064","SICRO3","Transportador manual gerica com capacidade de 180 l",3,0.41,0.59,1.7231000000000001,1.1714,4.1928000000000001]
[{"$nulls":5},"Custo Horário de Equipamentos =>",null,null,null,54.9069]
[{"$nulls":5},"Custo Horário de Execução =>",null,null,null,54.9069]
[{"$nulls":5},"Fator de Influencia da Chuva - FIC =>",null,null,null,0]
[{"$nulls":5},"Custo do FIC =>",null,null,null,0]
[{"$nulls":5},"Produção de Equipe =>",null,null,null,3.9289999999999998]
[{"$nulls":5},"Custo Unitário de Execução =>",null,null,null,13.9748]
["C","Banco","Código","Material","Quantidade","Unidade","Preço Unitário",null,null,"Custo Horário"]
["Insumo","SICRO3","M0030","Aditivo plastificante e retardador de pega para concreto e argamassa",0.84645999999999999,"kg",6.085,null,null,5.1506999999999996]
["Insumo","SICRO3","M0082","Areia média lavada",0.63334000000000001,"m³",145.6001,null,null,92.214399999999998]
["Insumo","SICRO3","M0191","Brita 1",0.36753999999999998,"m³",137.19159999999999,null,null,50.423400000000001]
["Insumo","SICRO3","M0192","Brita 2",0.36753999999999998,"m³",133.3613,null,null,49.015599999999999]
["Insumo","SICRO3","M0424","Cimento Portland CP II - 32 - saco",282.15206999999998,"kg",0.55989999999999995,null,null,157.9769]
[{"$nulls":5},"Custo Total do Material =>",null,null,null,354.78100000000001]
["D","Banco","Código","Atividades Auxiliares","Quantidade","Unidade","Preço Unitário",null,null,"Custo Horário"]
["Atividade Auxiliar","SINAPI",88316,"SERVENTE COM ENCARGOS COMPLEMENTARES",2.2906650000000002,"H",19.510000000000002,null,null,44.690899999999999]
["Atividade Auxiliar","SINAPI",88309,"PEDREIRO COM ENCARGOS COMPLEMENTARES",0.25451829999999998,"H",23.55,null,null,5.9939]
[{"$nulls":5},"Custo Total das Atividades =>",null,null,null,50.684800000000003]
["E","Banco","Insumo","Tempos Fixos","Código","Quantidade","Unidade","Preço Unitário",null,"Custo Horário"]
["Tempo Fixo","SICRO3","M0030","Carga, manobra e descarga de materiais diversos em caminhão carroceria de 15 t - carga e descarga manuais",5914655,8.4999999999999995E-4,"t",34.200000000000003,null,2.9100000000000001E-2]
["Tempo Fixo","SICRO3","M0082","Carga, manobra e descarga de agregados ou solos em caminhão basculante de 10 m³ - carga com carregadeira de 3,40 m³(exclusa) e descarga livre",5914647,0.95001000000000002,"t",1.8,null,1.71]
["Tempo Fixo","SICRO3","M0191","Carga, manobra e descarga de agregados ou solos em caminhão basculante de 10 m³ - carga com carregadeira de 3,40 m³(exclusa) e descarga livre",5914647,0.55130999999999997,"t",1.8,null,0.99239999999999995]
["Tempo Fixo","SICRO3","M0192","Carga, manobra e descarga de agregados ou solos em caminhão basculante de 10 m³ - carga com carregadeira de 3,40 m³(exclusa) e descarga livre",5914647,0.55130999999999997,"t",1.8,null,0.99239999999999995]
["Tempo Fixo","SICRO3","M0424","Carga, manobra e descarga de materiais diversos em caminhão carroceria de 15 t - carga e descarga manuais",5914655,0.28215000000000001,"t",34.200000000000003,null,9.6494999999999997]
[{"$nulls":5},"Custo Total dos Tempos Fixos =>",null,null,null,13.3734]
[]
[{"$nulls":4},"Valor do BDI =>",99.54,null,"Valor com BDI =>",null,532.35]
[]
["Insumo","SICRO3","M0192","Brita 2",0.36753999999999998,"m³",133.3613,null,null,49.015599999999999]
["Insumo","SICRO3","M0424","Cimento Portland CP II - 32 - saco",282.15206999999998,"kg",0.55989999999999995,null,null,157.9769]
[{"$nulls":5},"Custo Total do Material =>",null,null,null,354.78100000000001]
["E","Banco","Insumo","Tempos Fixos","Código","Quantidade","Unidade","Preço Unitário",null,"Custo Horário"]
["Tempo Fixo","SICRO3","M0030","Carga, manobra e descarga de materiais diversos em caminhão carroceria de 15 t - carga e descarga manuais",5914655,8.4999999999999995E-4,"t",34.42,null,2.93E-2]
["Tempo Fixo","SICRO3","M0082","Carga, manobra e descarga de agregados ou solos em caminhão basculante de 10 m³ - carga com carregadeira de 3,40 m³(exclusa) e descarga livre",5914647,0.95001000000000002,"t",1.8,null,1.71]
["Tempo Fixo","SICRO3","M0191","Carga, manobra e descarga de agregados ou solos em caminhão basculante de 10 m³ - carga com carregadeira de 3,40 m³(exclusa) e descarga livre",5914647,0.55130999999999997,"t",1.8,null,0.99239999999999995]
["Tempo Fixo","SICRO3","M0192","Carga, manobra e descarga de agregados ou solos em caminhão basculante de 10 m³ - carga com carregadeira de 3,40 m³(exclusa) e descarga livre",5914647,0.55130999999999997,"t",1.8,null,0.99239999999999995]
["Tempo Fixo","SICRO3","M0424","Carga, manobra e descarga de materiais diversos em caminhão carroceria de 15 t - carga e descarga manuais",5914655,0.28215000000000001,"t",34.42,null,9.7116000000000007]
[{"$nulls":5},"Custo Total dos Tempos Fixos =>",null,null,null,13.435700000000001]
[]
[{"$nulls":4},"Valor do BDI =>",99.78,null,"Valor com BDI =>",null,533.64]

{"sheet":"Cronograma","index":2,"n_rows":18,"n_cols":6,"rows_kept":18,"cut":false,"hidden":false,"merged":[[0,3,0,4],[0,5,0,6],[1,3,1,4],[1,5,1,6],[16,0,16,1],[17,0,17,1],[2,0,2,6],[14,0,14,1],[15,0,15,1]]}
[null,{"$f":"'Orçamento Sintético'!D1","v":"SERVIÇOS:"},"Bancos","B.D.I.",null,"Encargos Sociais"]
[null,{"$f":"'Orçamento Sintético'!D2","v":"CONTRATAÇÃO DE SERVIÇOS COMUM DE ENGENHARIA DE IMPLANTAÇÃO DE SINALIZAÇÃO VIÁRIA E DISPOSITIVOS DE DRENAGEM SUPERFICIAL EM ESTRADA PAVIMENTADA, LOCALIZADA NO MUNICÍPIO DE MOSSORÓ, NO ESTADO DO RIO GRANDE DO NORTE"},"SINAPI - 03/2023 - Rio Grande do Norte\n\nSICRO3 - 01/2023 - Rio Grande do Norte\nORSE - 01/2023 - Sergipe","23,0% - Serviços; 15% - materiais asfálticos",null,"Onerado: embutido nos preços unitário dos insumos de mão de obra, de acordo com as bases."]
["Cronograma Físico e Financeiro"]
["Item","Descrição","Total Por Etapa","30 DIAS","60 DIAS","90 DIAS"]
[" 1 ","SERVIÇOS","100%\n334.636,97","43,66%\n146.106,68","35,23%\n117892,74","11,05%\n36.981,49"]
[" 1.1 ","Placa de obra em chapa aço galvanizado, instalada - Rev 02_01/2022","100,00%\n3.767,28","100,00%\n3.767,28","",""]
[" 1.2 ","Descida d’água de aterros tipo rápido - DAR 02 - areia e brita comerciais, incluso transporte","100,00%\n123.259,56","40,00%\n49.303,82","30,00%\n36.977,87","30,00%\n36.977,87"]
[" 1.3 ","Dissipador de energia - DEB 01 - areia, brita e pedra de mão comerciais","100,00%\n112.186,88","40,00%\n44.874,75","30,00%\n33.656,06","30,00%\n33656,07"]
[" 1.4 ","Aquisição de Cimento asfáltico de petróleo - CAP 50/70, incluso ICMS%","100,00%\n902,02","100,00%\n902,02"]
[" 1.5 ","TRANSPORTE COM CAMINHÃO TANQUE DE TRANSPORTE DE MATERIAL ASFÁLTICO DE 30000 L, EM VIA URBANA PAVIMENTADA, DMT ATÉ 30KM (UNIDADE: TXKM). AF_07/2020","100,00%\n12,08","35,00%\n4,23","35,00%\n4,23","30,00%\n3,62"]
[" 1.6 ","Pintura de faixa com tinta acrílica - espessura de 0,4 mm","100,00%\n87.764,04","50,00%\n43.882,02","50,00%\n43.882,02",""]
[" 1.7 ","Placa de regulamentação em aço D = 0,60 m - película retrorrefletiva tipo I + SI - fornecimento e implantação","100,00%\n1.878,30","50,00%\n939,15","50,00%\n939,15",""]
[" 1.8 ","Suporte metálico galvanizado para placa de advertência ou regulamentação - lado ou diâmetro de 0,60 m - fornecimento eimplantação","100,00%\n3.269,76","50,00%\n1.634,88","50,00%\n1.634,88",""]
[" 1.9 ","Concreto fck = 20 MPa - confecção em betoneira e lançamento manual - areia e brita comerciais","100,00%\n1.597,05","50,00%\n798,53","50,00%\n798,53",""]
["Porcentagem",null,null,0.43659999999999999,0.3523,{"$f":"100%-43.66%-35.23%","v":0.21110000000000007}]
["Custo",null,null,{"$f":"3767.28+49303.82+44874.75+902.02+4.23+43882.02+939.15+1634.88+798.53","v":146106.68},117892.74,{"$f":"334636.97-D16-E16","v":70637.549999999974}]
["Porcentagem Acumulado",null,null,0.43659999999999999,0.78890000000000005,1]
["Custo Acumulado",null,null,{"$f":"D16","v":146106.68},{"$f":"E16+D18","v":263999.42},{"$f":"F16+E18","v":334636.96999999997}]

{"sheet":"Encargos Sociais","index":3,"n_rows":0,"n_cols":0,"rows_kept":0,"cut":false,"hidden":false,"merged":[]}

{"sheet":"BDI","index":4,"n_rows":44,"n_cols":4,"rows_kept":44,"cut":false,"hidden":false,"merged":[[1,0,1,3],[2,0,2,3],[22,0,22,3],[23,0,23,3]]}
[]
["DETALHAMENTO DO BDI - ONERADO"]
["Serviços"]
["Item","Descrição","Preço de Venda (%)","Custo Direto (%)"]
[]
[1,"Administração Central (A)",null,3.7999999999999999E-2]
[]
[2,"Impostos e Taxas (I)",{"$f":"C9+C10+C11","v":8.6499999999999994E-2}]
["2.1","ISS",0.05]
["2.2","PIS",6.4999999999999997E-3]
["2.3","Cofins",0.03]
[]
["3","Risco, seguro e garantia (R) ",null,6.6E-3]
[]
[4,"Despesas Financeiras (AP)",null,0.01]
[]
[5,"Lucro (L)",null,6.5000000000000002E-2]
[]
[null,"BDI* (%)",null,{"$f":"ROUND(((((1+D6+D13)*(1+D15)*(1+D17))/(1-C8))-1),4)","v":0.23}]
[]
["Considerações:"]
["Acórdão Nº 2622/2013 – TCU – Plenário"]
["DETALHAMENTO DO BDI - ONERADO"]
["Diferenciado - Materiais"]
[]
["Item","Descrição dos serviços","Preço de Venda (%)","Custo Direto (%)"]
[]
[1,"Administração Central (A)",null,3.39E-2]
[]
[2,"Impostos e Taxas (I)",{"$f":"C31+C32+C33","v":3.6499999999999998E-2}]
["2.1","ISS"]
["2.2","PIS",6.4999999999999997E-3]
["2.3","Cofins",0.03]
[]
["3","Risco, seguro e garantia (R) ",null,1.2500000000000001E-2]
[]
[4,"Despesas Financeiras (AP)",null,8.5000000000000006E-3]
[]
[5,"Lucro (L)",null,0.05]
[]
[null,"BDI* (%)",null,{"$f":"ROUND(((((1+D28+D35)*(1+D37)*(1+D39))/(1-C30))-1),4)","v":0.15}]
[]
["Considerações:"]
["Acórdão Nº 2622/2013 – TCU – Plenário"]

{"sheet":"Cotação - ANP","index":5,"n_rows":4,"n_cols":1,"rows_kept":4,"cut":false,"hidden":false,"merged":[[3,0,3,14]]}
[]
[]
[]
["COTAÇÃO ANP"]

{"sheet":"Memória de Cálculo","index":6,"n_rows":14,"n_cols":5,"rows_kept":14,"cut":false,"hidden":false,"merged":[[19,0,19,7],[0,5,0,7],[0,8,0,9],[1,5,1,7],[1,8,1,9],[2,0,2,4],[1,1,1,4]]}
[null,{"$f":"'Orçamento Sintético'!D1","v":"SERVIÇOS:"}]
[null,{"$f":"'Orçamento Sintético'!D2","v":"CONTRATAÇÃO DE SERVIÇOS COMUM DE ENGENHARIA DE IMPLANTAÇÃO DE SINALIZAÇÃO VIÁRIA E DISPOSITIVOS DE DRENAGEM SUPERFICIAL EM ESTRADA PAVIMENTADA, LOCALIZADA NO MUNICÍPIO DE MOSSORÓ, NO ESTADO DO RIO GRANDE DO NORTE"}]
["Memória de Cálculo"]
["Item","Descrição","Und","Quant.","Memória de Cálculo"]
[" 1 ","SERVIÇOS"]
[" 1.1 ","Placa de obra em chapa aço galvanizado, instalada - Rev 02_01/2022","m²","8,0"," = 4x2= 8m²"]
[" 1.2 ","Descida d’água de aterros tipo rápido - DAR 02 - areia e brita comerciais, incluso transporte","m","655,95"," = Retirado das seções transversais do projeto"]
[" 1.3 ","Dissipador de energia - DEB 01 - areia, brita e pedra de mão comerciais","un","208,0"," = total de descidas d'água retiradas do projeto"]
[" 1.4 ","Aquisição de Cimento asfáltico de petróleo - CAP 50/70, incluso ICMS%","t","0,2"," = quantidade previsto na composição do DAR-02 = 0,0003t/m x 655,95 m (descidas) = 0,1967 = 0,20 t"]
[" 1.5 ","TRANSPORTE COM CAMINHÃO TANQUE DE TRANSPORTE DE MATERIAL ASFÁLTICO DE 30000 L, EM VIA URBANA PAVIMENTADA, DMT ATÉ 30KM (UNIDADE: TXKM). AF_07/2020","TXKM","7,6"," = 0,20t x 38,03 km (retirado do projeto/distância usina-obra)= 7,6"]
[" 1.6 ","Pintura de faixa com tinta acrílica - espessura de 0,4 mm","m²",2363.06," = Retirado do Projeto"]
[" 1.7 ","Placa de regulamentação em aço D = 0,60 m - película retrorrefletiva tipo I + SI - fornecimento e implantação","un","6,0"," = Retirado do Projeto"]
[" 1.8 ","Suporte metálico galvanizado para placa de advertência ou regulamentação - lado ou diâmetro de 0,60 m - fornecimento eimplantação","un","6,0"," = Retirado do Projeto"]
[" 1.9 ","Concreto fck = 20 MPa - confecção em betoneira e lançamento manual - areia e brita comerciais","m³","3,0"," = eventuais necessidades e correções"]